The Odyssey of Homer (Record no. 155571)

MARC details
000 -LEADER
campo de control de longitud fija 00943nam a2200241 i 4500
001 - NÚMERO DE CONTROL
campo de control 155571
003 - IDENTIFICADOR DE NÚMERO DE CONTROL
campo de control ES-MaACL
005 - FECHA Y HORA DE LA ÚLTIMA TRANSACCIÓN
campo de control 20260616130213.0
008 - DATOS DE LONGITUD FIJA--INFORMACIÓN GENERAL
campo de control de longitud fija 040722s1771 xxk |||| | eng d
040 ## - FUENTE DE CATALOGACIÓN
Centro catalogador/agencia de origen CAM
Lengua de catalogación spa
Centro/agencia transcriptor CAM
100 0# - ENTRADA PRINCIPAL--NOMBRE DE PERSONA
Nombre de persona Homero
9 (RLIN) 64112
240 13 - TÍTULO UNIFORME
Título uniforme La Odisea.
Lenguaje de la obra Inglés
245 14 - MENCIÓN DEL TÍTULO
Título The Odyssey of Homer
Resto del título : volume the fourth /
Mención de responsabilidad, etc. translated by Alexander Pope.
260 ## - PUBLICACIÓN, DISTRIBUCIÓN, ETC.
Lugar de publicación, distribución, etc. London :
Nombre del editor, distribuidor, etc. printed for J. Whiston, Baker and Leigh ...,
Fecha de publicación, distribución, etc. 1771.
300 ## - DESCRIPCIÓN FÍSICA
Extensión [2], 316, [14], 22 p. ;
Dimensiones 8º.
505 8# - NOTA DE CONTENIDO CON FORMATO
Nota de contenido con formato Las [14] p. corresponden al Index y las 22 p. a "Homer's Battle of the frogs and mice / by Mr. Archdeacon Parnel; corrected by Mr. Pope"
594 ## - Nota al título y mención de responsabilidad
Nota al título y mención de responsabilidad El traductor precede al número de volumen.
597 ## - NOTA DE DESCRIPCIÓN FÍSICA
NOTA DE DESCRIPCIÓN FÍSICA Sign.: []1, B-Z8.
700 1# - ENTRADA AGREGADA--NOMBRE PERSONAL
Nombre de persona Pope, Alexander,
Fechas asociadas al nombre 1688-1744
9 (RLIN) 93082
740 01 - ENTRADA AGREGADA--TÍTULO RELACIONADO/ANALÍTICO NO CONTROLADO
Título relacionado o analítico no controlado Battle of the frogs and mice.
852 ## - LOCALIZACIÓN
Ubicación ES-MaACL
Número de control de estantería R-1272-73(2)
Nota libre -- Enc. tela
Encuadernación Olim: G-13281-82
Holdings
Estatus retirado Estado de pérdida Estado de daño No para préstamo Colección Biblioteca de origen Biblioteca actual Ubicación en estantería Fecha de adquisición Total de préstamos Signatura topográfica completa Código de barras Visto por última vez Precio de reemplazo Tipo de ítem Koha
        Libros del s. XVIII Biblioteca del Ateneo de Madrid Biblioteca del Ateneo de Madrid Depósito 17/01/2008   R-1272-73(2) 1162730 23/02/2023 23/02/2023 Libro impreso antiguo